Forging practice; (Record no. 548604)

000 -LEADER
fixed length control field 01923cam a22001931 4500
082 ## - DEWEY DECIMAL CLASSIFICATION NUMBER
Classification number 671.33
Author Mark FPJ
-- L-24, P-10
100 ## - MAIN ENTRY--PERSONAL NAME
Personal name Johnson, carl G
9 (RLIN) 44964
245 00 - TITLE STATEMENT
Title Forging practice;
Statement of responsibility, etc. Editor-in-chief, Howard Monroe Raymond, assisted by a corps of mechanical engineers, designers, and specialists in shop methods and management.
250 ## - EDITION STATEMENT
Edition statement Rev. ed.,
260 ## - PUBLICATION, DISTRIBUTION, ETC.
Place of publication, distribution, etc. Chicago,
Name of publisher, distributor, etc. American technical society,
Date of publication, distribution, etc. 1944.
300 ## - PHYSICAL DESCRIPTION
Extent vii, 136 p.
Other physical details fronts., illus., diagrs.
Dimensions 22 cm.
505 0# - FORMATTED CONTENTS NOTE
Formatted contents note v. 1. Machine shop work, by F. W. Turner and O. E. Perrigo; revised by Aldrick Bertrand. Modern manufacturing, by H. P. Fairfield and H. W. Dows; revised by Aldrick Bertrand. Machine shop management, by O. E. Perrigo.--v. 2. Pattern making, by James Ritchey; revised by W. W. Monroe, C. W. Beese and P. R. Hall. Practical physics, by G. M. Hobbs. Air tools, by John Oliphant. Slide rule, by W. T. Breckenridge.--v. 3. Foundry work, by W. C. Stimpson and B. L. Gray; revised by John Grennan. Forging practice, by C. G. Johnson.--v. 4. Tool making, by C. B. Cole. Tool design, by C. B. Cole. Dies and sheetmetal stamping, by F. W. Curtis.--v. 5. Metallurgy, by C. G. Johnson, R. S. Dean and J. L. Gregg. Oxyacetylene welding, by R. J. Kehl; revised by M. H. Potter. Electric welding, by M. H. Potter.--v. 6. Blueprint reading, by R. H. Fortman and James McKinney. Practical mathematics, by G. M. Hobbs. Logarithms. Trigonometry, by N. R. George; revised by C. W. Leigh.--v. 7. Mechanical drawing, by Ervin Kenison, T. C. Plumridge and James McKinney. Machine drawing, by C. L. Griffin and R. H. Fortman.--v. 8. Mechanism, by W. H. James and L. S. Smith. Machine design, by S. E. Winston. General index.
526 ## - STUDY PROGRAM INFORMATION NOTE
Program name 0
Interest level 0
Reading level 0
Title point value 671_330000000000000_FPJ
650 #0 - SUBJECT ADDED ENTRY--TOPICAL TERM
Topical term or geographic name entry element Machine-shop practice.
9 (RLIN) 36237
650 #0 - SUBJECT ADDED ENTRY--TOPICAL TERM
Topical term or geographic name entry element MCE
9 (RLIN) 379
700 1# - ADDED ENTRY--PERSONAL NAME
Personal name Raymond, Howard Monroe,
9 (RLIN) 44965
710 2# - ADDED ENTRY--CORPORATE NAME
Corporate name or jurisdiction name as entry element American Technical Society.
9 (RLIN) 44350
942 ## - ADDED ENTRY ELEMENTS (KOHA)
Source of classification or shelving scheme
Koha item type Book
Holdings
Withdrawn status Lost status Source of classification or shelving scheme Damaged status Not for loan Permanent Location Current Location Date acquired Total Checkouts Full call number Barcode Date last seen Price effective from Koha item type
          Military College of Engineering (MCE) Military College of Engineering (MCE) 09/03/2014   671.33 FPJ MCE-40812 09/03/2014 09/03/2014 Book
© 2023 Central Library, National University of Sciences and Technology. All Rights Reserved.